00238nam a2200097Ia 4500008004100000100000900041245003700050260002900087942000700116999001700123190216s9999||||xx |||||||||||||| ||und|| aNull 0aHindi-Vigyan Manav Aur Brahmande bMac Millian And Com. Ltd cBK c18505d18505